000 00346nam a2200145Ia 4500
003 OSt
005 20231220070142.0
008 170524s9999 xx 000 0 und d
020 _a9788184110708
040 _cIIMT UNIVERSITY
100 _aRAJSEKAR- T
245 0 _aJOURNALISM : ETHICS & OBJECTIVES
260 _bN DELHI SONALI
942 _2ddc
_c01
999 _c9321
_d9321